Romans. (Record no. 5738)

000 -LEADER
fixed length control field 00622nam a2200193 a 4500
001 - CONTROL NUMBER
control field :::00003480$&:&@@
003 - CONTROL NUMBER IDENTIFIER
control field OkBaRHE
005 - DATE AND TIME OF LATEST TRANSACTION
control field 20000607103306.0
008 - FIXED-LENGTH DATA ELEMENTS--GENERAL INFORMATION
fixed length control field s1971 j 000 0 eng u
040 ## - CATALOGING SOURCE
Transcribing agency
100 1# - MAIN ENTRY--PERSONAL NAME
Personal name Blaiklock, E. M.
245 10 - TITLE STATEMENT
Title Romans.
260 ## - PUBLICATION, DISTRIBUTION, ETC. (IMPRINT)
Place of publication, distribution, etc Grand Rapids, MI., :
Name of publisher, distributor, etc W. B. Eerdmans Publishing Co.
Date of publication, distribution, etc 1971
300 ## - PHYSICAL DESCRIPTION
Extent 92 p. ;
Dimensions 19 cm.
490 0# - SERIES STATEMENT
Series statement Scripture Union Bible study books
650 ## - SUBJECT ADDED ENTRY--TOPICAL TERM
Topical term or geographic name as entry element Bible New Testament Romans
General subdivision Study
-- Outlines, Syllabi, etc.
942 ## - ADDED ENTRY ELEMENTS (KOHA)
Source of classification or shelving scheme
Koha item type Books
Copies
Date acquired Koha item type Permanent Location Not for loan Full call number Shelving location Withdrawn status Price effective from Damaged status Copy number Source of classification or shelving scheme Date last seen Lost status Barcode
2010-04-14BooksRHEMA Bible Training College BS 2665.5 .B63General Stacks 2010-04-14 1 2018-03-28 3480